000 00359pab a2200157 454500
008 180718b2012 xxu||||| |||| 00| 0 eng d
100 _aRajamani, R.C.
245 _aIndia and World Trade Organization
260 _c2012
300 _ap.33-35.
362 _aFeb
650 _aWorld Trade Organization
773 _aYojana
908 _aN
909 _a95615
999 _c95615
_d95615